Music Quiz

Random Music or Country Music Quiz

Just Be Close: Music Edition Quiz Stats

 Plays Quiz Updated Jul 28, 2018

Challenge
Share
Tweet
Embed
Score 0/18 Timer 05:00
7 Plays Today
Clue Close? % Correct
Number of Luftballoons (Red Balloons) Nena crooned about???
92.9%
Age of Jimi Hendrix, Janis Joplin, Jim Morrison, Kurt Cobain and Amy Winehouse at their deaths???
91.6%
Taylor Swift age-related single from her album 'Red'???
90.2%
'Summer of ___', memorable summer of Bryan Adams youth???
89.2%
Cents that make up the moniker of rapper Curtis James Jackson III???
87.8%
2008 debut studio album recorded by Adele???
87.1%
Highway Number Revisited by Bob Dylan in 1965 ???
80.4%
Number of Days in The Beatles Week???
76.5%
Stevie Nicks 1981 song 'Edge of ___'???
73.3%
Clue Close? % Correct
Sum of the digits of Jenny's Phone Number according to Tommy Tutone???
69.4%
Number of Nations that make up the White Stripes Army, as per their 2003 song???
65.5%
Ways to leave your lover, according to Paul Simon???
60%
Nervous Breakdowns expressed by the Rolling Stones???
59.9%
It is 6 To 4 OR this number to 4, according to a Chicago song???
46.8%
Number of tears cried by Question Mark and the Mysterians???
38.2%
Grammy nominations earned by Frank Sinatra???
29.2%
Number of #1 hits on the U.S. Billboard Country chart by George Strait???
18.4%
Number of Elvis's U.S. singles that charted in the Top 40 of the Billboard Hot 100???
4.2%

You're not logged in!

Compare scores with friends on all Sporcle quizzes.
Join for Free
OR
Log In

You Might Also Like...

Show Comments

Extras

Top Quizzes Today


Score Distribution

Your Account Isn't Verified!

In order to create a playlist on Sporcle, you need to verify the email address you used during registration. Go to your Sporcle Settings to finish the process.

Report this User

Report this user for behavior that violates our Community Guidelines.

Details: